000 00627nam a22002417a 4500
003 UA-OsUOA
001 50303
007 ta
008 20071114b un ||||| |||| 00| 0 ukr d
100 _aЗаєць В.
090 _a821.161.2
_bЗ-16
942 _cBK
040 _aUA-OsUOA
_bukr
_cUA-OsUOA
_dUA-OsUOA
245 _aКатруся
_bПоезії та поема
300 _a368 с.
955 _a2
041 _aukr
080 _a821.161.2
020 _a966-8626-31-1
260 _aК.
_bПП "Янузь"
_c2006
650 7 _a82 Література. Літературознавство
_2UDC
999 _c336403
_d336403